000
00314nam a2200133Ia 4500
008
191201s2012 xx 000 0 und d
100
_a
SADIKU,Matthew ND
245
0
_a
Principles of Electromagnetics
250
_a
IMP
260
_a
N. Delhi
_b
Oxford
_c
2012
300
_a
734
650
_a
B.Tech(ECE)
942
_2
ddc
_c
BK
999
_c
98
_d
98